[Event "SK Metelen 1 - SK Dülmen 1"]
[Site "Verbandsliga 2017/2018"]
[Date "2017.11.18"]
[Round "3.2"]
[White "Koch, Alexander"]
[Black "Schlütermann, Philipp"]
[Result "1/2-1/2"]
[WhiteElo "2013"]
[BlackElo "1840"]
[PlyCount "132"]
[EventDate "2017.??.??"]
[SourceTitle "Verband Muensterland"]
[SourceDate "2017.09.16"]
[SourceVersion "1"]
[SourceVersionDate "2017.09.16"]
[SourceQuality "1"]

1. e4 e6 2. d4 d5 3. e5 c5 4. c3 Nc6 5. Nf3 cxd4 6. cxd4 Nge7 7. Bd3 Nf5 8.
Bxf5 exf5 9. Nc3 Be7 10. Qb3 Bb4 11. O-O Be6 12. a3 Bxc3 13. bxc3 b6 14. Rd1
O-O 15. a4 h6 16. Ba3 Na5 17. Qc2 Re8 18. Bb4 Nc4 19. Nd2 Nxd2 20. Rxd2 Qg5 21.
Rad1 f4 22. f3 Qh4 23. c4 Rac8 24. c5 Rc6 25. Qd3 g5 26. Rb2 g4 27. fxg4 Bxg4
28. Rf1 f3 29. h3 Bh5 30. g4 Qg3+ 31. Kh1 Bg6 32. Rxf3 Qxf3+ 33. Qxf3 Be4 34.
Qxe4 dxe4 35. Re2 a5 36. Ba3 bxc5 37. Bxc5 Rb8 38. Rxe4 Rb1+ 39. Kg2 Ra1 40.
Re3 Rxa4 41. Rc3 Re6 42. Kf3 f6 43. exf6 Kf7 44. Kf4 Kxf6 45. h4 Re1 46. Rb3
Ra2 47. Rb6+ Re6 48. g5+ hxg5+ 49. hxg5+ Kf7 50. Rb8 Rf2+ 51. Kg3 Rf5 52. Kg4
Rd5 53. Ra8 Kg6 54. Rg8+ Kf7 55. Ra8 Re4+ 56. Kf3 Re1 57. Rxa5 Kg6 58. Bb4 Rxa5
59. Bxa5 Rd1 60. Ke4 Kxg5 61. Ke5 Rb1 62. d5 Rb2 63. Ke6 Re2+ 64. Kd7 Kf5 65.
Bc7 Rd2 66. d6 Kf6 1/2-1/2

[Event "SK Metelen 1 - SK Dülmen 1"]
[Site "Verbandsliga 2017/2018"]
[Date "2017.11.18"]
[Round "3.3"]
[White "Grund, Wolfgang"]
[Black "Schudro, Vasily"]
[Result "1-0"]
[WhiteElo "1887"]
[BlackElo "2017"]
[PlyCount "133"]
[EventDate "2017.??.??"]
[SourceTitle "Verband Muensterland"]
[SourceDate "2017.09.16"]
[SourceVersion "1"]
[SourceVersionDate "2017.09.16"]
[SourceQuality "1"]

1. e4 c5 2. Nf3 Nc6 3. d4 cxd4 4. Nxd4 g6 5. Nxc6 bxc6 6. Qd4 Nf6 7. e5 Nd5 8.
c4 Nc7 9. e6 f6 10. exd7+ Bxd7 11. Bd3 Bg7 12. O-O O-O 13. Nc3 f5 14. Qh4 e5
15. Bg5 Qe8 16. Rad1 Ne6 17. Bc2 Nxg5 18. Qxg5 Be6 19. c5 Rb8 20. Qc1 e4 21.
Ba4 Be5 22. g3 Rc8 23. Ne2 Qf7 24. f4 exf3 25. Rxf3 Qf6 26. Bb3 Rfe8 27. Bxe6+
Rxe6 28. Qc4 Qf7 29. b4 Re7 30. Qxf7+ Kxf7 31. Rfd3 a5 32. bxa5 Bc7 33. Nc1
Bxa5 34. Nb3 Bc7 35. Rd7 Ra8 36. R1d2 Be5 37. Kf2 Ra4 38. Rxe7+ Kxe7 39. Ke2 h5
40. Kd3 Kf6 41. Rc2 Kg5 42. Nd2 Kf6 43. Nc4 g5 44. Re2 Bc7 45. a3 Ra8 46. Rb2
h4 47. gxh4 gxh4 48. Ke3 Re8+ 49. Kf3 Re1 50. Rc2 Rh1 51. Nd6 Ke6 52. Kg2 Re1
53. Kf2 Re5 54. Nb7 Re4 55. h3 Ra4 56. Rc3 Ra7 57. Rb3 Kd5 58. Ke2 Ra8 59. Rd3+
Ke6 60. Nd6 Bxd6 61. Rxd6+ Ke5 62. Rxc6 Rxa3 63. Rh6 Rxh3 64. Kd2 Kd4 65. c6
Rh2+ 66. Kd1 Kd3 67. Rd6+ 1-0

[Event "SK Metelen 1 - SK Dülmen 1"]
[Site "Verbandsliga 2017/2018"]
[Date "2017.11.18"]
[Round "3.4"]
[White "Zachej, Arne"]
[Black "Nolting, Bodo"]
[Result "1/2-1/2"]
[WhiteElo "1870"]
[BlackElo "1721"]
[PlyCount "81"]
[EventDate "2017.??.??"]
[SourceTitle "Verband Muensterland"]
[SourceDate "2017.09.16"]
[SourceVersion "1"]
[SourceVersionDate "2017.09.16"]
[SourceQuality "1"]

1. d4 Nf6 2. Nf3 d5 3. c4 c6 4. Nc3 e6 5. Bg5 dxc4 6. e4 b5 7. e5 h6 8. Bh4 g5
9. Nxg5 hxg5 10. Bxg5 Be7 11. exf6 Bb4 12. h4 Qa5 13. Qf3 Bb7 14. g3 Nd7 15.
Bg2 c5 16. Qxb7 Rb8 17. Qe4 Bxc3+ 18. bxc3 Qxc3+ 19. Ke2 cxd4 20. Rhc1 d3+ 21.
Kf1 Qb2 22. Rcb1 Qc3 23. Qc6 Qd4 24. Bf4 O-O 25. Bxb8 Rxb8 26. Qe4 Qxe4 27.
Bxe4 Nxf6 28. Bc6 a6 29. Ke1 c3 30. Rb3 b4 31. a3 a5 32. axb4 axb4 33. Ra8 Rxa8
34. Bxa8 Ng4 35. Bf3 Nxf2 36. Bd1 Ne4 37. Rxb4 c2 38. Bxc2 dxc2 39. Rc4 Nxg3
40. Rxc2 Nf5 41. Rc4 1/2-1/2

[Event "SK Metelen 1 - SK Dülmen 1"]
[Site "Verbandsliga 2017/2018"]
[Date "2017.11.18"]
[Round "3.5"]
[White "Lödding, Detlef"]
[Black "Wigger, Frank"]
[Result "1-0"]
[WhiteElo "1864"]
[BlackElo "1794"]
[PlyCount "67"]
[EventDate "2017.??.??"]
[SourceTitle "Verband Muensterland"]
[SourceDate "2017.09.16"]
[SourceVersion "1"]
[SourceVersionDate "2017.09.16"]
[SourceQuality "1"]

1. c4 b6 2. e4 Bb7 3. Nc3 e6 4. Nge2 Ne7 5. d4 d6 6. g3 g6 7. Bg2 Bg7 8. O-O
O-O 9. Be3 Nd7 10. Qd2 a6 11. Bh6 e5 12. Bxg7 Kxg7 13. f4 f5 14. Rad1 Qe8 15.
dxe5 Nc5 16. exd6 cxd6 17. Nd5 Nxd5 18. exd5 Bc8 19. Rfe1 Qd8 20. b4 Nb7 21.
Nd4 Qc7 22. Nc6 Bd7 23. Qd4+ Kg8 24. Re7 Rf7 25. Rxf7 Kxf7 26. Re1 Re8 27. Rxe8
Bxe8 28. Qh8 Qd7 29. Qxh7+ Kf6 30. Qh8+ Kf7 31. h4 a5 32. a3 axb4 33. axb4 Nd8
34. Qh7+ 1-0

[Event "SK Metelen 1 - SK Dülmen 1"]
[Site "Verbandsliga 2017/2018"]
[Date "2017.11.18"]
[Round "3.6"]
[White "Denkler, Jürgen"]
[Black "Tecklenborg, Georg"]
[Result "0-1"]
[WhiteElo "1696"]
[BlackElo "1781"]
[PlyCount "62"]
[EventDate "2017.??.??"]
[SourceTitle "Verband Muensterland"]
[SourceDate "2017.09.16"]
[SourceVersion "1"]
[SourceVersionDate "2017.09.16"]
[SourceQuality "1"]

1. d4 d5 2. c4 e6 3. Nf3 f5 4. cxd5 exd5 5. Nc3 c6 6. Bf4 Nf6 7. h3 Be7 8. e3
O-O 9. Bd3 Ne4 10. Qc2 Qa5 11. O-O Nd7 12. Ne5 Nxe5 13. Bxe5 Bf6 14. Bxf6 Rxf6
15. a3 Bd7 16. Rfe1 Qd8 17. Qb3 Nd6 18. Qc2 Rg6 19. g3 Rh6 20. Kg2 f4 21. Rh1
fxg3 22. fxg3 Qg5 23. e4 Rg6 24. Qf2 Rf8 25. Qe1 dxe4 26. Be2 e3 27. Bf3 Nf5
28. Bg4 Nxd4 29. Ne4 Qd5 30. Qxe3 Bxg4 31. hxg4 Nc2 0-1

[Event "SK Metelen 1 - SK Dülmen 1"]
[Site "Verbandsliga 2017/2018"]
[Date "2017.11.18"]
[Round "3.7"]
[White "Gehlen, Horst"]
[Black "Gravenkötter, Christian"]
[Result "1/2-1/2"]
[WhiteElo "1650"]
[BlackElo "1711"]
[PlyCount "86"]
[EventDate "2017.??.??"]
[SourceTitle "Verband Muensterland"]
[SourceDate "2017.09.16"]
[SourceVersion "1"]
[SourceVersionDate "2017.09.16"]
[SourceQuality "1"]

1. f4 e5 2. fxe5 d6 3. exd6 Bxd6 4. Nf3 g5 5. g3 g4 6. Nh4 Be7 7. Ng2 h5 8. d4
h4 9. Qd3 Nc6 10. c3 hxg3 11. Qxg3 Nf6 12. Qd3 Qd5 13. Bf4 Bf5 14. e4 Bxe4 15.
Qd2 Bxb1 16. Rxb1 Qxa2 17. Bd3 O-O-O 18. Bf5+ Kb8 19. O-O Bd6 20. Bxd6 Rxd6 21.
Ra1 Qb3 22. Ne3 Ne5 23. Ra3 Qb5 24. Bd3 Nxd3 25. c4 Qxb2 26. Rxd3 Qxd2 27. Rxd2
Ne4 28. Rg2 g3 29. hxg3 Rdh6 30. Rc2 Nxg3 31. Rxf7 Ne4 32. Kf1 Rh1+ 33. Ke2
R1h2+ 34. Kd3 Rxc2 35. Kxc2 a5 36. Kd3 Nd6 37. Re7 Rh3 38. Re5 b6 39. c5 Nf7
40. Re7 Ng5 41. cxb6 cxb6 42. Kc4 Rh6 43. Kb5 Re6 1/2-1/2

[Event "SK Metelen 1 - SK Dülmen 1"]
[Site "Verbandsliga 2017/2018"]
[Date "2017.11.18"]
[Round "3.8"]
[White "Blanke, Martin"]
[Black "Hoffmann, Klaus-Peter"]
[Result "1/2-1/2"]
[WhiteElo "1651"]
[BlackElo "1517"]
[PlyCount "81"]
[EventDate "2017.??.??"]
[SourceTitle "Verband Muensterland"]
[SourceDate "2017.09.16"]
[SourceVersion "1"]
[SourceVersionDate "2017.09.16"]
[SourceQuality "1"]

1. e4 e6 2. d4 d5 3. exd5 exd5 4. Nf3 Bg4 5. h3 Bh5 6. Be2 Nf6 7. O-O Be7 8.
Re1 O-O 9. a3 a5 10. b3 Re8 11. Nbd2 Nbd7 12. Bb2 c6 13. Rc1 a4 14. b4 b5 15.
Ne5 Bxe2 16. Rxe2 Qc7 17. Ndf3 h6 18. Qd3 Ne4 19. Rce1 Bf6 20. Ng4 Re6 21. Nd2
Ng5 22. h4 Rxe2 23. Rxe2 Ne6 24. Nxf6+ Nxf6 25. Qf5 Re8 26. Nf3 Nd7 27. Kf1 g6
28. Qd3 Kg7 29. Qd2 Nf6 30. Bc1 Ng8 31. Re5 f6 32. Re2 g5 33. Qe1 Qd6 34. hxg5
hxg5 35. c3 g4 36. Ng1 Nh6 37. f3 Nf5 38. f4 Kf7 39. g3 Rh8 40. Qf2 Rh5 41. Re1
1/2-1/2

[Event "SV Heiden 1 - SK Münster 4"]
[Site "Verbandsliga 2017/2018"]
[Date "2017.11.18"]
[Round "3.1"]
[White "Schulz, Stefan"]
[Black "Berger, Alfred"]
[Result "1/2-1/2"]
[WhiteElo "1885"]
[BlackElo "1960"]
[PlyCount "103"]
[EventDate "2017.??.??"]
[SourceTitle "Verband Muensterland"]
[SourceDate "2017.09.16"]
[SourceVersion "1"]
[SourceVersionDate "2017.09.16"]
[SourceQuality "1"]

1. d4 d5 2. Nf3 e6 3. c4 Nf6 4. g3 dxc4 5. Qa4+ Nbd7 6. Qxc4 c5 7. Bg2 Nb6 8.
Qd3 cxd4 9. Qxd4 Qxd4 10. Nxd4 Bb4+ 11. Bd2 Bxd2+ 12. Nxd2 a6 13. O-O O-O 14.
Rfd1 e5 15. N4b3 Rb8 16. Nc5 Nbd7 17. Rac1 Re8 18. Nde4 Nxc5 19. Nxf6+ gxf6 20.
Rxc5 Be6 21. b3 b6 22. Rc6 Red8 23. Rdd6 Rxd6 24. Rxd6 a5 25. Bd5 Bxd5 26. Rxd5
Rc8 27. Rd6 Rc2 28. a4 Rxe2 29. Rxf6 Rb2 30. Rxb6 Kg7 31. Rb5 f6 32. g4 Kg6 33.
Kg2 h5 34. gxh5+ Kxh5 35. Kg3 Kg5 36. f4+ Kf5 37. fxe5 fxe5 38. h4 Rc2 39. Kf3
Rc3+ 40. Ke2 Kf4 41. Kd2 Rh3 42. h5 Ke4 43. h6 Kd4 44. h7 Rh2+ 45. Ke1 Rxh7 46.
Rxa5 Rb7 47. Ra8 Rxb3 48. a5 Ra3 49. a6 Kc5 50. Kd2 Kb6 51. Rb8+ Ka7 52. Re8
1/2-1/2

[Event "SV Heiden 1 - SK Münster 4"]
[Site "Verbandsliga 2017/2018"]
[Date "2017.11.18"]
[Round "3.2"]
[White "Wienen, Hermann"]
[Black "Jansen, Dirk"]
[Result "1/2-1/2"]
[WhiteElo "1928"]
[BlackElo "1955"]
[PlyCount "30"]
[EventDate "2017.??.??"]
[SourceTitle "Verband Muensterland"]
[SourceDate "2017.09.16"]
[SourceVersion "1"]
[SourceVersionDate "2017.09.16"]
[SourceQuality "1"]

1. e4 e6 2. d4 d5 3. exd5 exd5 4. Bd3 Nc6 5. c3 Bd6 6. Nf3 Nge7 7. O-O Bg4 8.
Re1 Qd7 9. Nbd2 O-O 10. Qc2 Bf5 11. Nf1 Bxd3 12. Qxd3 Qf5 13. Qxf5 Nxf5 14. Ne3
Nxe3 15. Bxe3 Rfe8 1/2-1/2

[Event "SV Heiden 1 - SK Münster 4"]
[Site "Verbandsliga 2017/2018"]
[Date "2017.11.18"]
[Round "3.3"]
[White "Voß, Norbert"]
[Black "Ehrlich, Hans-Georg"]
[Result "1/2-1/2"]
[WhiteElo "1850"]
[BlackElo "1788"]
[PlyCount "46"]
[EventDate "2017.??.??"]
[SourceTitle "Verband Muensterland"]
[SourceDate "2017.09.16"]
[SourceVersion "1"]
[SourceVersionDate "2017.09.16"]
[SourceQuality "1"]

1. c4 c6 2. g3 d5 3. Bg2 Nf6 4. Nf3 Bf5 5. cxd5 Bxb1 6. Rxb1 Qxd5 7. b3 e6 8.
O-O Be7 9. d3 Qa5 10. a3 Qc7 11. Qc2 Nbd7 12. b4 Rc8 13. Bd2 O-O 14. d4 e5 15.
Nxe5 Nxe5 16. dxe5 Qxe5 17. Bf3 Nd5 18. e4 Nc7 19. Bg4 Ne6 20. Bc3 Qg5 21. Bxe6
fxe6 22. Bd4 a6 23. Bc5 Rf3 1/2-1/2

[Event "SV Heiden 1 - SK Münster 4"]
[Site "Verbandsliga 2017/2018"]
[Date "2017.11.18"]
[Round "3.4"]
[White "Sicking, Norbert"]
[Black "Schöpper, Oliver"]
[Result "0-1"]
[WhiteElo "1809"]
[BlackElo "1816"]
[PlyCount "116"]
[EventDate "2017.??.??"]
[SourceTitle "Verband Muensterland"]
[SourceDate "2017.09.16"]
[SourceVersion "1"]
[SourceVersionDate "2017.09.16"]
[SourceQuality "1"]

1. d4 d5 2. g3 e6 3. Bg2 c5 4. c3 Nc6 5. Nf3 Nf6 6. O-O h6 7. Re1 cxd4 8. cxd4
Ne4 9. a3 Bd6 10. Nbd2 f5 11. e3 O-O 12. Nb3 Qf6 13. Nfd2 b6 14. f4 Bb7 15.
Nxe4 fxe4 16. Bd2 Rac8 17. Qe2 Rc7 18. Rac1 Rfc8 19. Bh3 Ne7 20. Rxc7 Rxc7 21.
Rc1 Bc6 22. Rc3 Nf5 23. Be1 Qf7 24. Bxf5 exf5 25. Qc2 Qd7 26. Nd2 Bb5 27. Qb3
Bc6 28. Qc2 Ba4 29. Rxc7 Bxc7 30. b3 Bb5 31. a4 Bd3 32. Qc1 Bd6 33. Nb1 Kf7 34.
Nd2 Ke8 35. Nf1 Kd8 36. h3 Qc7 37. Qxc7+ Kxc7 38. Bc3 Bc2 39. Nd2 Ba3 40. a5
Bc1 41. Kf2 Kc6 42. g4 fxg4 43. hxg4 Kb5 44. axb6 axb6 45. f5 Bd1 46. Kg3 Ba3
47. Kf4 Bb4 48. Nb1 Bxb3 49. Bb2 Kc4 50. g5 hxg5+ 51. Kxg5 Ba2 52. Ba3 Bxb1 53.
Bxb4 Kxb4 54. Kg6 Bc2 55. Kxg7 Ba4 56. Kf7 Bd1 57. Kg6 Bg4 58. f6 Be6 0-1

[Event "SV Heiden 1 - SK Münster 4"]
[Site "Verbandsliga 2017/2018"]
[Date "2017.11.18"]
[Round "3.5"]
[White "Voß, Andreas"]
[Black "Herdering, Martin"]
[Result "1/2-1/2"]
[WhiteElo "1806"]
[BlackElo "1799"]
[PlyCount "39"]
[EventDate "2017.??.??"]
[SourceTitle "Verband Muensterland"]
[SourceDate "2017.09.16"]
[SourceVersion "1"]
[SourceVersionDate "2017.09.16"]
[SourceQuality "1"]

1. d4 d5 2. c4 c6 3. Nc3 e6 4. Nf3 Nf6 5. Bg5 dxc4 6. a4 Bb4 7. Bxf6 Qxf6 8. e4
b5 9. e5 Qf4 10. Be2 Bb7 11. O-O Bxc3 12. bxc3 O-O 13. Qb1 a6 14. Bxc4 c5 15.
Be2 cxd4 16. cxd4 Be4 17. Qb2 Nc6 18. axb5 axb5 19. Rxa8 Rxa8 20. Qxb5 1/2-1/2

[Event "SV Heiden 1 - SK Münster 4"]
[Site "Verbandsliga 2017/2018"]
[Date "2017.11.18"]
[Round "3.6"]
[White "Niewerth, Gerd"]
[Black "Sokolowski, Cyril"]
[Result "1-0"]
[WhiteElo "1784"]
[BlackElo "1725"]
[PlyCount "81"]
[EventDate "2017.??.??"]
[SourceTitle "Verband Muensterland"]
[SourceDate "2017.09.16"]
[SourceVersion "1"]
[SourceVersionDate "2017.09.16"]
[SourceQuality "1"]

1. e4 d5 2. exd5 Qxd5 3. Nc3 Qd8 4. d4 Nf6 5. Nf3 Bf5 6. Bd3 Bg6 7. Bf4 c6 8.
Qe2 e6 9. O-O Be7 10. Rfe1 O-O 11. Bxg6 hxg6 12. Bxb8 Rxb8 13. Rad1 Qb6 14. Rb1
Qa5 15. a3 Rbd8 16. Ne4 Qb6 17. c3 Rfe8 18. Ne5 c5 19. dxc5 Bxc5 20. Ng5 Rf8
21. b4 Be7 22. c4 Nh5 23. c5 Qc7 24. Ngf3 Nf4 25. Qe4 Nd5 26. Rbc1 Bf6 27. g3
Rc8 28. Red1 Rfd8 29. b5 Be7 30. Nxg6 Bxc5 31. Nge5 Qe7 32. a4 Ba3 33. Rxc8
Rxc8 34. Qd4 Bc5 35. Qg4 Bd6 36. Kg2 Rc2 37. Qh5 Ne3+ 38. Kg1 Nxd1 39. Ng5 Qf6
40. Qh7+ Kf8 41. Nd7+ 1-0

[Event "SV Heiden 1 - SK Münster 4"]
[Site "Verbandsliga 2017/2018"]
[Date "2017.11.18"]
[Round "3.7"]
[White "Stumpe, Danny"]
[Black "Winzenhörlein, Thomas"]
[Result "0-1"]
[WhiteElo "1685"]
[BlackElo "1738"]
[PlyCount "34"]
[EventDate "2017.??.??"]
[SourceTitle "Verband Muensterland"]
[SourceDate "2017.09.16"]
[SourceVersion "1"]
[SourceVersionDate "2017.09.16"]
[SourceQuality "1"]

1. e4 d5 2. exd5 Nf6 3. Nf3 Qxd5 4. d4 Bg4 5. Be2 Qh5 6. O-O Nc6 7. c4 O-O-O 8.
Be3 e5 9. d5 e4 10. Nd4 Nxd4 11. Bxg4+ Nxg4 12. h3 Nf3+ 13. gxf3 Nxe3 14. fxe3
Rd6 15. Kf2 Rf6 16. Nd2 exf3 17. Nxf3 Bc5 0-1

[Event "SV Heiden 1 - SK Münster 4"]
[Site "Verbandsliga 2017/2018"]
[Date "2017.11.18"]
[Round "3.8"]
[White "Wienen, Josef"]
[Black "Baumann, Eva"]
[Result "1/2-1/2"]
[WhiteElo "1655"]
[BlackElo "1665"]
[PlyCount "45"]
[EventDate "2017.??.??"]
[SourceTitle "Verband Muensterland"]
[SourceDate "2017.09.16"]
[SourceVersion "1"]
[SourceVersionDate "2017.09.16"]
[SourceQuality "1"]

1. c4 e5 2. Nc3 Nc6 3. g3 Bb4 4. Bg2 f5 5. e3 Bxc3 6. bxc3 Nf6 7. Ne2 O-O 8.
O-O d6 9. d3 Qe8 10. f3 Bd7 11. Qc2 Rb8 12. Bd2 a6 13. a3 Kh8 14. Rf2 b5 15.
cxb5 axb5 16. c4 b4 17. axb4 Nxb4 18. Qc3 c5 19. Rff1 Qc8 20. Ra7 Nc6 21. Raa1
Nb4 22. Ra7 Nc6 23. Raa1 1/2-1/2